Game of Thrones Character or Not? - Sudden Death - Statistics

General Stats
  • This quiz has been taken 22,256 times
  • The average score is 11 of 15
Answers on the Grid
Answers color-coded by a green-red scale on the quiz's grid according to % correct below.
Amberle Elessedil
Arya Stark
Asha Greyjoy
Daenerys Targaryen
Edgar Figaro
Ellarie Dollen
Geralt of Rivia
Jon Snow
Jorah Mormont
Levi Ackerman
Luca Blight
Lúthien
Lysa Arryn
Margaery Tyrell
Meera Reed
Missandei of Naath
Perrin Aybara
Petyr Baelish
Rinoa Heartilly
Samuel Vimes
Samwell Tarly
Samwise Gamgee
Sandor Clegane
Sasha Blouse
Schala
Syrio Forel
Tyrion Lannister
Uriel Septim
Varric Tethras
Ygritte
 
Answer Stats
Answer % Correct
Daenerys Targaryen
84%
Jon Snow
84%
Arya Stark
82%
Tyrion Lannister
82%
Margaery Tyrell
77%
Petyr Baelish
75%
Jorah Mormont
71%
Samwell Tarly
70%
Ygritte
70%
Lysa Arryn
69%
Asha Greyjoy
68%
Sandor Clegane
68%
Missandei of Naath
67%
Syrio Forel
51%
Meera Reed
46%
No matching quizzes found
Score Distribution
Percent of People with Each Score
Percentile by Number Answered
Your Score History
You have not taken this quiz